000 00434nam a2200181Ia 4500
003 GCL
008 140319s9999 xx 000 0 eng d
040 _aGCL /
_cGCL
082 0 4 _a822.83
_bN D
100 1 _aN. AUTTIORE
245 1 0 _aDEATH QUEST /
_cN. AUTTIORE
260 _a[S.N] :
_bNEW-ERA ،
_c1987
300 _a391 P
650 0 4 _aENGLISH LITERATURE
650 0 4 _aLITERATURE
650 0 4 _aSHORT STORIES
942 _2ddc
_cBK
999 _c24617
_d24617